Managerial accounting: instructor's solutions manual, Ricketts, Gray

Đã lưu trong:
Chi tiết về thư mục
Định dạng: Sách
Ngôn ngữ:Tiếng Anh
Được phát hành: Boston Houghton Mifflin 1988
Những chủ đề:
Các nhãn: Thêm thẻ
Không có thẻ, Là người đầu tiên thẻ bản ghi này!

MARC

LEADER 00000nam a2200000 a 4500
001 UCR9615
003 CL-VaPUC
008 980613e19880000US |||||||||||||||||eng|d
082 0 4 |a 658.151  |b MAN  |2 21 
245 1 0 |a Managerial accounting: instructor's solutions manual, Ricketts, Gray 
300 |a 484 p 
942 |c BK 
945 |d 19980613 00:00:00  |a cmena 
260 |a Boston  |b Houghton Mifflin  |c 1988 
650 0 |a Contabilidad   |9 261430 
650 0 |a Administración financiera  |9 261146 
650 0 |a Auditoría  |9 307008 
650 0 |a Finanzas  |9 260832 
650 0 |a Estados de cuentas  |9 352305 
583 |a last modification  |c 19980613 00:00:00  |k Rodrigo Vera 
999 |c 270801  |d 270799 
952 |0 0  |1 0  |4 0  |6 658_151000000000000_MAN_1988  |7 0  |8 P  |9 305204  |a BIBGIM  |b BIBGIM  |d 2019-11-20  |i 1419579  |o 658.151 MAN 1988  |p 1419579  |r 2025-01-15  |w 2019-11-20  |y BK  |k COM